000 00999nam a2200241 i 4500
001 68120
003 ES-MaACL
005 20260303141307.0
007 t|
008 040610s1986 sp ||||1| spa d
020 _a84-00-06239-6
100 0 _aGaos, Vicente,
_d1919-1980
_953906
245 1 0 _aTraducciones poéticas completas /
_cVicente Gaos.
260 _aValencia :
_bInstitución Alfonso el Magnánimo :
_bInstitució Valenciana d'Estudis i Investigació,
_c1986.
300 _a2 v. ;
_c20 cm.
500 _aTextos bilingües, a excepción de los Boris Pasternak.
505 8 _aContiene: V. I.: Dante Alighieri, J.A. Rimbaud, Ch. Péguy y B. Pasternak. -- V. II.: W. Shakespeare, P.B. Shelley, T.E. Hulme, E. Pound, T.S. Eliot y R.M. Rilke
546 _aTextos en castellano, inglés, francés, aleman e italiano.
650 0 4 _aPoesías.
_9166796
710 2 _aInstitució Alfons el Magnànim
_9173001
852 _aES-MaACL
_jP-32
_bR.112596
999 _c68120
_d68120